European business /

Bibliographic Details
Main Author: Mercado, Simon
Other Authors: Welford, Richard, 1960-, Prescott, Kate
Format: Book
Language:English
Published: New York : Financial Times/Prentice Hall, [2001]
Edition:4th ed.
Subjects:

MARC

Tag First Indicator Second Indicator Subfields
LEADER 00000cam a22000004a 4500
001 in00001663508
005 20151024121808.0
008 000815s2001 nyua b 001 0 eng
010 |a  00064060  
020 |a 0273646001 (pbk.) 
035 |a (OCoLC)ocm44841616 
040 |a DLC  |c DLC  |d TXA  |d UtOrBLW 
042 |a pcc 
043 |a e------ 
049 |a TXAM 
050 0 0 |a HC240  |b .M47 2001 
082 0 0 |a 650/.094  |2 21 
100 1 |a Mercado, Simon. 
245 1 0 |a European business /  |c Simon Mercado, Richard Welford, and Kate Prescott. 
250 |a 4th ed. 
264 1 |a New York :  |b Financial Times/Prentice Hall,  |c [2001] 
264 4 |c ©2001 
300 |a xvi, 592 pages :  |b illustrations ;  |c 25 cm. 
336 |a text  |b txt  |2 rdacontent 
337 |a unmediated  |b n  |2 rdamedia 
338 |a volume  |b nc  |2 rdacarrier 
500 |a Revised edition of: European business / Richard Welford, Kate Prescott. 2nd edition 1994. 
504 |a Includes bibliographical references and index. 
651 0 |a European Union countries  |x Economic policy. 
651 0 |a Europe  |x Economic integration. 
650 0 |a Industrial management  |z European Union countries. 
700 1 |a Welford, Richard,  |d 1960- 
700 1 |a Prescott, Kate. 
948 |a cataloged  |b h  |c 2002/3/12  |d c  |e dmitchel  |f 12:18:14 pm 
994 |a E0  |b TXA 
999 |a MARS 
999 f f |s 97370dd5-1530-3ab8-9f13-62389a5bafe3  |i a12a301f-a4fa-30af-9741-f607ced3e6f3  |t 0 
952 f f |p ric  |a Texas A&M University  |b Rellis Campus  |c Joint Library Facility  |d Remote Storage  |t 0  |e HC240 .M47 2001  |h Library of Congress classification  |i unmediated -- volume  |m A14828691513 
998 f f |a HC240 .M47 2001  |t 0  |l Remote Storage